| 000 | 00800nam a22002057a 4500 | ||
|---|---|---|---|
| 003 | BD-DhUL | ||
| 005 | 20170306192528.0 | ||
| 008 | 160515s1382 ii |b||| |||| 001 0 ben d | ||
| 040 |
_aBD-DhUL _cBD-DhUL |
||
| 082 |
_a954.1 _bNIB |
||
| 100 | 1 | _aরায়, নীহাররঞ্জন | |
| 245 | 1 | 0 |
_aবাঙালীর ইতিহাস : _bআদিপর্ব / _cনীহাররঞ্জন রায় |
| 250 | _a৮ম সংস্ক. | ||
| 260 |
_aকলিকাতা : _bদেজ পাবলিশিং, _c1382 ব. |
||
| 300 |
_a500 পৃ. : _bমানচিত্র ; _c২০ সেমি. |
||
| 500 | _aনির্ঘন্ট সম্বলিত | ||
| 650 | 0 |
_aBengali _xHistory |
|
| 650 | 0 | _aবাঙালী-ইতিহাস | |
| 942 |
_2ddc _cREF |
||
| 999 |
_c160333 _d160333 |
||